Giáo trình thuế :

Trình bày những vấn đề chung về thuế, thuế giá trị gia tăng, thuế tiêu thụ đặc biệt, thuế xuất khẩu, nhập khẩu, thuế bảo vệ môi trường, thuế thu nhập doanh nghiệp, thuế thu nhập cá nhân, thuế sử dụng đất phi nông nghiệp......

全面介绍

Đã lưu trong:
书目详细资料
主要作者: Võ, Hoàng Khiêm
格式: 图书
语言:Undetermined
出版: Cần Thơ Đại học Cần Thơ 2015
主题:
标签: 添加标签
没有标签, 成为第一个标记此记录!
Thư viện lưu trữ: Trung tâm Học liệu Trường Đại học Cần Thơ
LEADER 00999nam a2200217Ia 4500
001 CTU_205909
008 210402s9999 xx 000 0 und d
020 |c 40000 
082 |a 336.2 
082 |b Kh304 
100 |a Võ, Hoàng Khiêm 
245 0 |a Giáo trình thuế : 
245 0 |c Võ Hoàng Khiêm (Chủ biên), Lê Thị Anh Thư, Nguyễn Thị Phương 
260 |a Cần Thơ 
260 |b Đại học Cần Thơ 
260 |c 2015 
520 |a Trình bày những vấn đề chung về thuế, thuế giá trị gia tăng, thuế tiêu thụ đặc biệt, thuế xuất khẩu, nhập khẩu, thuế bảo vệ môi trường, thuế thu nhập doanh nghiệp, thuế thu nhập cá nhân, thuế sử dụng đất phi nông nghiệp... 
650 |a Taxation,Thuế 
650 |z Vietnam,Việt Nam 
904 |i Tuyến 
980 |a Trung tâm Học liệu Trường Đại học Cần Thơ